01363nam a2200313Ia 4500001001000000003000500010008004100015010001100056040000900067090001700076100002600093245016500119260013900284300001000423650004400433650004200477650002700519650002900546710010400575901001700679902000600696905006300702910000900765942000900774942001300783999001900796952011800815952011600933Para_9301CHAP220125s2006 xx 000 0 und d a208040 cCHAP aFOLLETO 3527 aCancino, Jorge918311 aControl de calidad en la cría masiva de Diachasmimorpha longicaudata (Hymenoptera :bBraconidae) :b fundamentos y procedimentos /c por Jorge Cancino y otros aMéxico, D.F. :b SAGARPA. Centro de Estadística Agropecuaria \ México, D.F. :b SAGARPA. Dirección General de Sanidad Vegetal a54 p. aControl biológico de insectos 927582 aDiachasmimorpha longicaudata 9174465 aHimenópteros 955474 aMosca de la fruta978989 aMéxico. Secretaría de Agricultura, Ganadería, Desarrollo Rural, Pesca y Alimentación977148 aFOLLETO 3527 aM a0000002006 an 0000000000 00 a2006 cPARA cPARAd14 c208040d208040 00102local40708FOLLaPAbPAc12d2007-08-22fPARAl0pPA_09134-2r2022-01-25 00:00:00t2w2022-01-25yFOLLz3 00102local40708FOLLaPAbPAc12d2007-08-22fPARAl0pPA_09134r2022-01-25 00:00:00t1w2022-01-25yFOLLz3